000 00658cam a22002173a 4500
001 39231
003 PGUSA
005 20140828083854.0
008 120323s2012||||xxu|||||s|||||000 | eng d
040 _aPGUSA
_beng
042 _adc
100 1 _aJohnston, Annie F.
_q(Annie Fellows),
_d1863-1931
245 1 0 _aJoel :
_bA Boy of Galilee
_h[electronic resource] /
_cAnnie F. Johnston
260 _bProject Gutenberg,
_c2012
506 _aPublic domain in the USA.
516 _aElectronic text
700 1 _aBridgman, L. J.
_q(Lewis Jesse),
_d1857-1931
830 0 _aProject Gutenberg
_v39231
856 4 0 _uhttp://www.gutenberg.org/ebooks/39231
942 _cEB
999 _c268484
_d268484